| 000 | 00431nam a2200181Ia 4500 | ||
|---|---|---|---|
| 005 | 20240823015151.0 | ||
| 008 | 240823s9999||||xx |||||||||||||| ||und|| | ||
| 041 | _aENGLISH | ||
| 082 | _A332.175 M8 | ||
| 100 | _aChhabra T N | ||
| 245 | 0 | _aRural Banking in India | |
| 250 | _a1st | ||
| 260 |
_c1988 _bDhanpat Rai & _aDelhi |
||
| 500 | _aTRANSFERED | ||
| 650 |
_aBanking _bManagement Studies |
||
| 942 | _cBK | ||
| 999 |
_c171790 _d171790 |
||